[Event "Quebec-ch U10"]
[Site "Montreal"]
[Date "2018.01.12"]
[Round "1"]
[White "Zhong, Kevin"]
[Black "Bocan, Richard"]
[Result "1-0"]
[WhiteElo "2060"]
[BlackElo "1207"]
[PlyCount "103"]
[EventDate "2018.01.12"]
[EventType "swiss"]
[EventRounds "5"]
[EventCountry "CAN"]
[SourceTitle "EXT 2022"]
[Source "ChessBase"]
[SourceDate "2021.10.06"]
[SourceVersion "1"]
[SourceVersionDate "2021.10.06"]
[SourceQuality "1"]

1. e4 c6 2. d4 d5 3. exd5 cxd5 4. c4 e6 5. Nc3 Nc6 6. Nf3 Nf6 7. Bg5 h6 8. Bxf6 gxf6 9. cxd5 exd5 10. Qb3 Bb4 11. Be2 Bxc3+ 12. bxc3 Rb8 13. 0-0 a6 14. Rfe1 Kf8 15. c4 Be6 16. Rad1 Kg7 17. Nh4 Rg8 18. Qg3+ Kf8 19. Qf4 Rh8 20. Bf3 Kg7 21. cxd5 Bxd5 22. Nf5+ Kf8 23. Bxd5 Qxd5 24. Ne7 Qg5 25. Qc7 Re8 26. Nxc6 Rxe1+ 27. Rxe1 bxc6 28. Qxc6 Kg7 29. Rd1 Qa5 30. Qc4 Re8 31. Kf1 Qh5 32. Re1 Rxe1+ 33. Kxe1 Qxh2 34. d5 Qd6 35. Kf1 Kf8 36. g3 Ke7 37. Kg2 Qe5 38. Qc6 Qd6 39. Qb7+ Qd7 40. d6+ Ke6 41. Qxa6 Qxd6 42. Qxd6+ Kxd6 43. Kf3 Kc5 44. Kf4 Kb4 45. Kf5 Ka3 46. Kxf6 Kxa2 47. Kxf7 Kb2 48. f4 Kc3 49. f5 Kd4 50. Kg6 Ke5 51. f6 Ke6 52. Kg7 1-0

[Event "CAN-ch U10"]
[Site "Sault Ste Marie"]
[Date "2017.07.10"]
[Round "7.91"]
[White "Bocan, Richard"]
[Black "Wang, David"]
[Result "1-0"]
[WhiteElo "1086"]
[BlackElo "1263"]
[PlyCount "117"]
[EventDate "2017.07.06"]
[EventType "swiss"]
[EventRounds "7"]
[EventCountry "CAN"]
[SourceTitle "EXT 2022"]
[Source "ChessBase"]
[SourceDate "2021.10.06"]
[SourceVersion "1"]
[SourceVersionDate "2021.10.06"]
[SourceQuality "1"]

1. Nf3 Nc6 2. d4 d5 3. c4 e6 4. Bf4 Bb4+ 5. Nc3 Nf6 6. e3 0-0 7. Bd3 Ne4 8. Qc2 f5 9. Ne5 Nxe5 10. Bxe5 Nxc3 11. bxc3 Bd6 12. Bxd6 Qxd6 13. f4 c6 14. c5 Qe7 15. Rc1 Qh4+ 16. g3 Qd8 17. c4 b6 18. cxd5 Qxd5 19. 0-0 bxc5 20. dxc5 Rd8 21. Rcd1 Bb7 22. Bc4 Qe4 23. Qxe4 fxe4 24. Bxe6+ Kf8 25. Bf5 Rxd1 26. Rxd1 h6 27. Bxe4 Re8 28. Rd4 Kf7 29. Kf2 Kf6 30. Rd6+ Re6 31. Rxe6+ Kxe6 32. Ke2 Ba6+ 33. Bd3 Bxd3+ 34. Kxd3 Kd5 35. e4+ Kxc5 36. Kc3 Kd6 37. Kc4 Ke6 38. Kc5 Kd7 39. e5 Kc7 40. e6 Kd8 41. Kxc6 Ke7 42. Kd5 g6 43. g4 a6 44. f5 gxf5 45. gxf5 h5 46. f6+ Kxf6 47. Kd6 a5 48. Kd7 h4 49. e7 a4 50. e8Q h3 51. Qh5 a3 52. Qxh3 Ke5 53. Qg3+ Kd4 54. h4 Ke4 55. h5 Kd4 56. h6 Ke4 57. h7 Kd4 58. h8Q+ Ke4 59. Qhe5# 1-0

[Event "CAN-ch U10"]
[Site "Sault Ste Marie"]
[Date "2017.07.08"]
[Round "5"]
[White "Bocan, Richard"]
[Black "Ripley, Noah"]
[Result "1-0"]
[WhiteElo "1086"]
[BlackElo "814"]
[PlyCount "145"]
[EventDate "2017.07.06"]
[EventType "swiss"]
[EventRounds "7"]
[EventCountry "CAN"]
[SourceTitle "EXT 2022"]
[Source "ChessBase"]
[SourceDate "2021.10.06"]
[SourceVersion "1"]
[SourceVersionDate "2021.10.06"]
[SourceQuality "1"]

1. d4 d5 2. c4 e6 3. Nc3 Nf6 4. e3 Nbd7 5. Bd3 c6 6. Bd2 Be7 7. Qc2 a6 8. f4 dxc4 9. Bxc4 b5 10. Bd3 c5 11. Nf3 Bb7 12. Ne4 c4 13. Nxf6+ Nxf6 14. Be2 0-0 15. 0-0 Ne4 16. g4 h6 17. Be1 f5 18. Ne5 Bf6 19. Rc1 Rc8 20. Ra1 Qd5 21. gxf5 exf5 22. Bf3 g5 23. Bxe4 Qxe4 24. Qxe4 Bxe4 25. Nd7 Rf7 26. Nc5 Bb7 27. Nxb7 Rxb7 28. Bd2 Re8 29. Rae1 Kg7 30. fxg5 hxg5 31. Rxf5 Kg6 32. Rf2 Re4 33. Ref1 Rf7 34. Rf5 Rg4+ 35. Kh1 Re4 36. Rc5 Rg4 37. Rc6 Re4 38. Rxa6 Re8 39. Rb6 Ra8 40. a3 Kg7 41. Rxb5 Rh8 42. Rbf5 Kg6 43. e4 Rhh7 44. e5 Be7 45. Rxf7 Rxf7 46. Rxf7 Kxf7 47. Kg2 Bd8 48. Kf3 Ke6 49. Kg4 Kd5 50. Bxg5 Bxg5 51. Kxg5 Kxd4 52. Kf6 Kd3 53. e6 Kc2 54. e7 Kxb2 55. e8Q c3 56. Qe3 c2 57. a4 c1R 58. Qxc1+ Kxc1 59. a5 Kb2 60. a6 Kb3 61. a7 Kb4 62. a8Q Kc4 63. h4 Kc5 64. h5 Kc4 65. h6 Kc5 66. h7 Kc4 67. h8Q Kd4 68. Qh4+ Kc5 69. Qa5+ Kd6 70. Qd4+ Kc6 71. Qdb6+ Kd7 72. Qaa7+ Kc8 73. Qbb8# 1-0